000 01457nam a2200409Ii 4500
001 DIGVERBUM0198
003 NyNyDIG
006 m o d
007 cr |||||||||||
008 150303t20142014sp ob 000 0 spa d
035 _a(OCoLC)908277852
040 _aDGITA
_beng
_erda
_epn
_cDGITA
020 _z9788479629434
020 _z8479629436
050 1 4 _aRA776.95 eBook
100 1 _aDelgado, Francisco M.,
_eauthor.
245 1 0 _aVivir más ¡y mejor! :
_bcómo llegar a 100 años /
_cFrancisco M. Delgado.
264 1 _aMadrid :
_bEditorial Verbum,
_c[2014].
264 4 _c©2014
300 _a1 online resource (262 pages)
336 _atext
_btxt
_2rdacontent
337 _acomputer
_bc
_2rdamedia
338 _aonline resource
_bcr
_2rdacarrier
490 1 _aVerbum ensayo
588 0 _aOnline resource; title from ePub and PDF title page (Digitalia, viewed March 20, 2015)
600 1 0 _aHealth behavior.
600 1 0 _aConduct of life.
600 1 0 _aSelf-actualization (Psychology)
655 0 _aElectronic books.
791 2 _aDigitalia (Firm),
_edistributor.
793 0 _gDigitalia eBook Collection:
_aVerbum
776 0 8 _iPrint version:
_aDelgado, Francisco M.
_tVivir más ¡y mejor!.
_dMadrid : Editorial Verbum, 2014
_z9788479629434
830 0 _aEnsayo (Editorial Verbum)
856 4 0 _3Digitalia Hispánica
_uhttps://www.digitaliapublishing.com/a/33013/
910 _aPremium Collection: 2015
942 _cRAA
999 _c241661
_d241661